00435nam a2200145 a 450000100100000000500170001000800410002702000150006804000250008324500500010826000630015830000280022149000200024983000200026900003407220200930070741.0110923s2001 cl 000 0 spa d a958904171x aDO-SdBNPbspacBNPHU00aLugares ajenos :brelatos del desplazamiento. aMedellín :bb Fondo Editorial, Universidad EAFIT,c2001. a180 p. :bil. ;c23 cm.1 aAntorcha y daga 0aAntorcha y daga